| 000 | 00333nam a22001337a 4500 | ||
|---|---|---|---|
| 050 |
_aTK146 _b.D69 1972 |
||
| 100 | _aDoyle John M. | ||
| 245 | _aFoundations for Electronics | ||
| 260 |
_aCalifonia _bRinehart Press _c1972 |
||
| 300 | _axv, 457p. | ||
| 500 | _aincludes index | ||
| 650 |
_bElectrical engineering _vbook _xPBK |
||
| 942 | _cGEN | ||
| 999 |
_c671 _d671 |
||